Online
Catalog

La cabana del Tio Tom. (Record no. 13627)

MARC details
000 -CABECERA
campo de control de longitud fija 00492cam a22001932 4500
001 - NÚMERO DE CONTROL
campo de control 000014023
005 - FECHA Y HORA DE LA ÚLTIMA TRANSACCIÓN
campo de control 20200929163435.0
008 - DATOS DE LONGITUD FIJA--INFORMACIÓN GENERAL
campo de control de longitud fija 910618s1950 sp 000 0 spa
010 ## - NÚMERO DE CONTROL DE LA BIBLIOTECA DEL CONGRESO
Número de control de LC ltf91069466
040 ## - FUENTE DE LA CATALOGACIÓN
Centro catalogador/agencia de origen DO-SdBNP
Centro/agencia transcriptor DLC
Centro/agencia modificador DLC
050 00 - SIGNATURA TOPOGRÁFICA DE LA BIBLIOTECA DEL CONGRESO
Número de clasificación 4PS 416
100 1# - ENTRADA PRINCIPAL--NOMBRE DE PERSONA
Nombre de persona Stowe, Harriet Beecher,
Fechas asociadas al nombre 1811-1896.
9 (RLIN) 27250
245 13 - MENCIÓN DE TÍTULO
Título La cabana del Tio Tom.
250 ## - MENCIÓN DE EDICIÓN
Mención de edición [2. ed.
260 ## - PUBLICACIÓN, DISTRIBUCIÓN, ETC.
Lugar de publicación, distribución, etc. Lima, :
Nombre del editor, distribuidor, etc. Universo,
Fecha de publicación, distribución, etc. 1950].
300 ## - DESCRIPCIÓN FÍSICA
Extensión 627 p.
910 ## - DATOS DE OPCIÓN DEL USUARIO (OCLC)
Datos de opción del usuario Catalogación derivada
910 ## - DATOS DE OPCIÓN DEL USUARIO (OCLC)
Datos de opción del usuario DC
Holdings
Estado de retiro Estado de pérdida Restricciones de uso No para préstamo Código de colección Localización permanente Ubicación/localización actual Ubicación en estantería Fecha de adquisición Número de inventario Total de préstamos Signatura topográfica completa Código de barras Fecha visto por última vez Precio válido a partir de Tipo de ítem Koha
    Préstamo interno Préstamo restrigido Monografías: Libros y Folletos General General En encuadernación 02.12.2009 LF1   14023-10 25.06.2020 25.06.2020 Préstamo interno

Powered by Koha